| 000 | 01172cam a2200301 a 4500 | ||
|---|---|---|---|
| 003 | OSt | ||
| 005 | 20171116130400.0 | ||
| 008 | 171116s2013 spcao || 011 0bcat|d | ||
| 017 |
_aDL Gi. 1554-2012 (vol. 1) _aDL Gi. 1555-2012 (vol. 2) _bBiblioteca de Catalunya |
||
| 020 | _a9788496747920 (o.c.) | ||
| 020 | _a9788496747944 (vol. 2) | ||
| 020 | _a9788496747937 (vol. 1) | ||
| 040 |
_aES-BaCBU _bcat _cCMDR |
||
| 100 | 1 |
_aBertrana, Aurora, _d1892-1974 |
|
| 245 | 1 | 0 |
_aMemòries / _cAurora Bertrana |
| 260 |
_aGirona : _bDiputació de Girona, _c2013 |
||
| 300 |
_a2 v. (703, [12] p. de làm.; 418, [8] p. de làm.) : _bil. (algunes col.) ; _c22 cm |
||
| 490 | 1 |
_aCol·lecció Josep Pla ; _v29. _aNarrativa |
|
| 505 | 8 | _aConté: 1. Fins al 1935 -- 2. Del 1935 fins al retorn a Catalunya | |
| 600 | 1 | 7 |
_aBertrana, Aurora, _d1892-1974 _xBiografia _2lemac |
| 600 | 1 | 7 |
_aBertrana, Aurora, _d1892-1974 _2thub |
| 650 | 7 |
_aEscriptores catalanes _yS. XX _xBiografia _2lemac |
|
| 650 | 4 |
_aPeriodistes catalans _93139 _vBiografia |
|
| 650 | 4 |
_aDones periodistes _92913 |
|
| 740 | 0 | 2 | _aMemòries fins al 1935 |
| 740 | 0 | 2 | _aMemòries del 1935 fins al retorn a Catalunya |
| 942 | _cMON | ||
| 999 |
_c7078 _d7078 |
||